Journey through science

Bibliographic Details
Main Author: Mctarish, Douglas
Format: Book
Published: New York : Smithmark Publishers , 1993
Subjects:

MARC

LEADER 00000cam a2200000 7i4500
001 0000000580
002 000000671
005 20060209.0
020 |a 0831752289 
090 0 0 |a 030   |b JOU 
100 1 |a Mctarish, Douglas 
245 1 0 |a Journey through science   |c Douglas McTarish 
260 |a New York :   |b Smithmark Publishers ,   |c 1993 
300 |a 80p ;   |c 28cm. 
650 0 0 |a Science   |x Juvenile literature 
999 |a 029983   |b BUKU   |c JUNIOR BOOKS   |e PERPUSTAKAAN KOMUNITI PETALING JAYA